000 00829nam a2200217Ia 4500
999 _c39284
_d39284
001 5870
003 GE_BSU
005 20190913104341.0
008 181216s1962||||ge |||||||||||||| ||geo||
040 _cGE_BSU
041 _ageo
080 _a821.353.1-1 ა-42
100 _aაკობია, შ.
_93983
245 _aგზებს და შეხვედრებს :
_bლექსები /
_cშ. აკობია ; რედ. მ. ფოცხიშვილი.
264 _aთბილისი :
_bსაბჭოთა მწერალი ;
_c1962.
300 _a74 გვ. ;
_c16 სმ.
653 _aგზებს და შეხვედრებს
653 _aლექსები
700 _aფოცხიშვილი, მ.
_eრედაქტორი
_93782
942 _cBK
_2udc